000 00298nam a2200121 a 4500
008 110513s1973|||| d
245 1 0 _aFrancúzština pre 7.ročník ZŠ
260 _bSPN
_aBratislava
_c1973
020 _c8,50
044 _axo
_cSK
041 _aslo
100 1 _aLiščáková, Irena
999 _c19627
_d19627